000 00377nam a22001337a 4500
008 230623b xxu||||| |||| 00| 0 eng d
020 _a1897621086
082 _a330.
_bKOU 1993
245 _aThe Determinants of Fiscal DEficit and Fiscal Adjustments in Cote D'ivoire
260 _bAfrican Economic Research Consortium
_c1993
300 _a26p
440 _n15
942 _2ddc
_cBK
999 _c2417
_d2417